000 00563nam a2200229Ia 4500
003 OSt
005 20220924132112.0
006 a|||||r|||| 00| 0
007 ta
008 220923b |||||||| |||| 00| 0 san d
024 _a11809
037 _cTextual
040 _aARTS
_cARTS
_bsan
041 _2san
_asan
082 _aMK44x1:1, 15C4
100 _aAlakapya Muni
_9203740
245 0 _aHast ayurveda
260 _c1894
650 _aINDUSTRIAL ARTS
942 _hMK44x1:1, 15C4
_cTEXL
_2CC
999 _c429243
_d429243